<?xml version="1.0" encoding="UTF-8"?>
<record
    xmlns:xsi="http://www.w3.org/2001/XMLSchema-instance"
    xsi:schemaLocation="http://www.loc.gov/MARC21/slim http://www.loc.gov/standards/marcxml/schema/MARC21slim.xsd"
    xmlns="http://www.loc.gov/MARC21/slim">

  <leader>01445nam a22002537a 4500</leader>
  <controlfield tag="005">20170124103221.0</controlfield>
  <datafield tag="010" ind1=" " ind2=" ">
    <subfield code="a">B-211517</subfield>
  </datafield>
  <datafield tag="020" ind1=" " ind2=" ">
    <subfield code="c">100.00</subfield>
    <subfield code="a">9788181330963</subfield>
  </datafield>
  <datafield tag="035" ind1=" " ind2=" ">
    <subfield code="a">B-211517</subfield>
  </datafield>
  <datafield tag="037" ind1=" " ind2=" ">
    <subfield code="b">Cen Lib/Ret</subfield>
  </datafield>
  <datafield tag="040" ind1=" " ind2=" ">
    <subfield code="a">DPL</subfield>
    <subfield code="b">HN</subfield>
  </datafield>
  <datafield tag="082" ind1=" " ind2=" ">
    <subfield code="a">230.45</subfield>
    <subfield code="b">&#x936;&#x94D;&#x930;&#x940;&#x935;&#x93E;&#x938;&#x94D;&#x924; </subfield>
  </datafield>
  <datafield tag="100" ind1=" " ind2=" ">
    <subfield code="a">&#x936;&#x94D;&#x930;&#x940;&#x935;&#x93E;&#x938;&#x94D;&#x924;&#x935;, &#x938;&#x940;.&#x90D;&#x92E;.</subfield>
    <subfield code="9">46308</subfield>
  </datafield>
  <datafield tag="245" ind1=" " ind2=" ">
    <subfield code="a">&#x917;&#x93E;&#x92F;&#x924;&#x94D;&#x930;&#x940; &#x92E;&#x928;&#x94D;&#x924;&#x94D;&#x930; &#x938;&#x93E;&#x927;&#x928;&#x93E; &#x935;&#x94D; &#x909;&#x92A;&#x93E;&#x938;&#x928;&#x93E; :</subfield>
    <subfield code="c">&#x938;&#x940;.&#x90D;&#x92E;. &#x936;&#x94D;&#x930;&#x940;&#x935;&#x93E;&#x938;&#x94D;&#x924;&#x935;</subfield>
    <subfield code="b">&#x90F;&#x915; &#x910;&#x938;&#x947; &#x926;&#x93F;&#x935;&#x94D;&#x92F;&#x93E; &#x92E;&#x928;&#x94D;&#x924;&#x94D;&#x930; &#x915;&#x940; &#x938;&#x93E;&#x927;&#x928;&#x93E; &#x91C;&#x94B; &#x909;&#x92A;&#x93E;&#x938;&#x928;&#x93E; &#x938;&#x94D;&#x924;&#x941;&#x924;&#x93F; &#x927;&#x94D;&#x92F;&#x93E;&#x928; &#x90F;&#x935;&#x902; &#x935;&#x902;&#x926;&#x928;&#x93E; &#x938;&#x92E;&#x935;&#x928;&#x94D;&#x935;&#x93F;&#x924;&#x930;&#x942;&#x92A; &#x939;&#x948; /</subfield>
  </datafield>
  <datafield tag="246" ind1=" " ind2=" ">
    <subfield code="a">Gaytri mantr sadhna v upasna : ek aise divya mantr ki sadhna jo upasna stuti dhyan evam vandna ka samnvitrup hai </subfield>
    <subfield code="b">by C.M. Shreevastava </subfield>
  </datafield>
  <datafield tag="260" ind1=" " ind2=" ">
    <subfield code="b">&#x926;&#x93F;&#x932;&#x94D;&#x932;&#x940; </subfield>
    <subfield code="a">&#x92E;&#x928;&#x94B;&#x91C; &#x92A;&#x92C;&#x94D;&#x932;&#x93F;&#x915;&#x947;&#x936;&#x928;</subfield>
    <subfield code="c">2007</subfield>
  </datafield>
  <datafield tag="270" ind1=" " ind2=" ">
    <subfield code="a">761, &#x92E;&#x947;&#x928; &#x930;&#x94B;&#x921; &#x92C;&#x941;&#x930;&#x93E;&#x921;&#x93C;&#x940; </subfield>
    <subfield code="b">&#x926;&#x93F;&#x932;&#x94D;&#x932;&#x940; </subfield>
    <subfield code="e">110084</subfield>
  </datafield>
  <datafield tag="300" ind1=" " ind2=" ">
    <subfield code="a">191&#x92A;&#x943;&#x937;&#x94D;&#x920;. </subfield>
    <subfield code="c">20&#x938;&#x947;&#x92E;&#x940;(&#x938;&#x91C;&#x93F;&#x932;&#x94D;&#x926;)</subfield>
  </datafield>
  <datafield tag="650" ind1=" " ind2=" ">
    <subfield code="a">&#x917;&#x93E;&#x92F;&#x924;&#x94D;&#x930;&#x940; &#x92E;&#x928;&#x94D;&#x924;&#x94D;&#x930; &#x915;&#x940; &#x92E;&#x939;&#x93F;&#x92E;&#x93E; </subfield>
    <subfield code="9">46038</subfield>
  </datafield>
  <datafield tag="650" ind1=" " ind2=" ">
    <subfield code="a">&#x917;&#x93E;&#x92F;&#x924;&#x94D;&#x930;&#x940; &#x909;&#x92A;&#x93E;&#x938;&#x928;&#x93E; &#x935;&#x93F;&#x927;&#x93F; </subfield>
    <subfield code="9">952</subfield>
  </datafield>
  <datafield tag="650" ind1=" " ind2=" ">
    <subfield code="a">Gayatri Mantra glory</subfield>
    <subfield code="9">101407</subfield>
  </datafield>
  <datafield tag="650" ind1=" " ind2=" ">
    <subfield code="a">Gayatri worship law</subfield>
    <subfield code="9">101408</subfield>
  </datafield>
  <datafield tag="942" ind1=" " ind2=" ">
    <subfield code="2">ddc</subfield>
    <subfield code="c">HN</subfield>
    <subfield code="h">230.45</subfield>
    <subfield code="m">&#x936;&#x94D;&#x930;&#x940;&#x935;&#x93E;&#x938;&#x94D;&#x924; </subfield>
  </datafield>
  <datafield tag="999" ind1=" " ind2=" ">
    <subfield code="c">121857</subfield>
    <subfield code="d">121857</subfield>
  </datafield>
  <datafield tag="952" ind1=" " ind2=" ">
    <subfield code="0">0</subfield>
    <subfield code="1">0</subfield>
    <subfield code="4">0</subfield>
    <subfield code="7">0</subfield>
    <subfield code="a">L</subfield>
    <subfield code="b">L</subfield>
    <subfield code="d">2015-10-13</subfield>
    <subfield code="e">Cen Lib/Ret</subfield>
    <subfield code="g">100.00</subfield>
    <subfield code="l">9</subfield>
    <subfield code="m">7</subfield>
    <subfield code="o">230.45 &#x936;&#x94D;&#x930;&#x940;&#x935;&#x93E;&#x938;&#x94D;&#x924;</subfield>
    <subfield code="p">B-211517</subfield>
    <subfield code="r">2026-05-12 10:10:13</subfield>
    <subfield code="s">2026-04-28</subfield>
    <subfield code="t">1</subfield>
    <subfield code="v">100.00</subfield>
    <subfield code="w">2015-10-13</subfield>
    <subfield code="y">HN</subfield>
  </datafield>
</record>
